00770nam a2200181 a 450000100080000000500110000800800410001910000240006024500960008426000330018030000100021352002710022365000110049465000230050565000170052865000220054565000210056711337552023-09-28 2022 bl uuuu t 00u1 u #d1 aGOULART J??NIOR, R. aRelat??rio An??lise de mercado e acompanhamentobBANANA - maio/2022.h[electronic resource] aFlorian??polis: Epagric2022 a10 p. aRelat??rio com an??lise da evolu????o do pre??o mensal ao produtor nas principais pra??as estaduais e nacionais e pre??o m??dio no atacado estadual; e an??lise da evolu????o das exporta????es nacionais e catarinenses de banana e comparativo das estimativas de safra. aBanana aEconomia agr??cola aFruticultura aMercado agr??cola aPre??o agr??cola